[Event "Mercredi 2022.05.11 ABCD"]
[Site "Montreal CAN"]
[Date "2022.05.11"]
[Round "1"]
[White "Gauthier, Luc"]
[Black "Milosz, Jerzy"]
[Result "1-0"]
[WhiteElo "1617"]
[BlackElo "1558"]
[PlyCount "55"]
[EventDate "2022.05.11"]
[EventType "tourn"]
[EventRounds "5"]
[EventCountry "CAN"]

1. e4 c6 2. Nc3 d5 3. Nf3 Bg4 4. h3 Bh5 5. exd5 cxd5 6. Bb5+ Nc6 7. g4 Bg6 8.
Ne5 Qd6 9. d4 a6 10. Bxc6+ bxc6 11. a3 f6 12. Nxg6 Qe6+ 13. Be3 hxg6 14. Qd3 f5
15. O-O-O Nf6 16. f3 Qd7 17. Na4 Rb8 18. Nc5 Qc8 19. Bf4 Rb6 20. Rde1 Nd7 21.
Ne6 c5 22. Nc7+ Kf7 23. dxc5 Nxc5 24. Qxd5+ Ne6 25. Nxe6 Rxe6 26. gxf5 gxf5 27.
Qxf5+ Rf6 28. Qxc8 1-0

[Event "Mercredi 2022.05.11 ABCD"]
[Site "Montreal CAN"]
[Date "2022.05.11"]
[Round "1"]
[White "Genzling, Jerome"]
[Black "Batorshin, Illia"]
[Result "0-1"]
[WhiteElo "2020"]
[BlackElo "2008"]
[PlyCount "102"]
[EventDate "2022.05.11"]
[EventType "tourn"]
[EventRounds "5"]
[EventCountry "CAN"]

1. e4 c6 2. d4 d5 3. exd5 cxd5 4. Bd3 Nc6 5. c3 Qc7 6. Ne2 e6 7. Bf4 Bd6 8.
Bxd6 Qxd6 9. O-O Nf6 10. Nd2 O-O 11. f4 Ng4 12. Qe1 f5 13. h3 Nf6 14. Nf3 Qe7
15. Nc1 Ne4 16. Be2 Kh8 17. Nd3 Rg8 18. Nde5 g5 19. fxg5 Nxg5 20. Nxg5 Nxe5 21.
Nf3 Ng6 22. Qg3 Bd7 23. Rf2 Raf8 24. Ne5 f4 25. Nxg6+ Rxg6 26. Qh2 e5 27. dxe5
Qxe5 28. Bf3 Bb5 29. Kh1 Bd3 30. Rd1 Be4 31. Qg1 Rfg8 32. Qe1 Qf5 33. Qe2 Rg3
34. Bxe4 dxe4 35. Qd2 Rxh3+ 36. gxh3 Qxh3+ 37. Rh2 Qf3+ 38. Rg2 Rxg2 39. Qxg2
Qxd1+ 40. Kh2 f3 41. Qg5 Qd6+ 42. Kh3 Qe6+ 43. Kh2 Qg6 44. Qd8+ Kg7 45. Qc7+
Kh6 46. Qf4+ Qg5 47. Qf8+ Kh5 48. Qe8+ Kg4 49. Qd7+ Qf5 50. Qg7+ Kh5 51. Qe7
Qf4+ 0-1

[Event "Mercredi 2022.05.11 ABCD"]
[Site "Montreal CAN"]
[Date "2022.05.11"]
[Round "1"]
[White "Jacquet, Stephane"]
[Black "Di Matteo, Alessio"]
[Result "1-0"]
[WhiteElo "1979"]
[BlackElo "1926"]
[PlyCount "63"]
[EventDate "2022.05.11"]
[EventType "tourn"]
[EventRounds "5"]
[EventCountry "CAN"]

1. d4 Nf6 2. c4 e6 3. Nf3 Bb4+ 4. Bd2 Qe7 5. Nc3 Nc6 6. g3 O-O 7. Bg2 d6 8. a3
Bxc3 9. Bxc3 Ne4 10. Rc1 Nxc3 11. Rxc3 e5 12. d5 Nb8 13. b4 a5 14. O-O Na6 15.
Qb3 b6 16. Nd2 Bg4 17. e4 Qg5 18. f4 Qh6 19. Qb2 Qh5 20. Bf3 exf4 21. gxf4 f6
22. Kh1 Kh8 23. Rg1 Bxf3+ 24. Nxf3 Rfe8 25. Nd4 Rxe4 26. Qg2 Re7 27. Rg3 g5 28.
fxg5 f5 29. g6 Re4 30. gxh7 Rg4 31. Ne6 Rxg3 32. Qxg3 1-0

[Event "Mercredi 2022.05.11 ABCD"]
[Site "Montreal CAN"]
[Date "2022.05.11"]
[Round "1"]
[White "Kozlov, Guennadi"]
[Black "Lima-Barbosa, Raphael"]
[Result "0-1"]
[WhiteElo "1833"]
[BlackElo "1812"]
[PlyCount "273"]
[EventDate "2022.05.11"]
[EventType "tourn"]
[EventRounds "5"]
[EventCountry "CAN"]

1. e4 c5 2. Nf3 d6 3. d4 cxd4 4. c3 Nf6 5. e5 Nd5 6. Qxd4 e6 7. exd6 Nc6 8. Qd1
Bxd6 9. Bc4 O-O 10. O-O a6 11. Nbd2 b5 12. Bb3 h6 13. Ne4 Be7 14. a4 b4 15. c4
Nf6 16. Nxf6+ Bxf6 17. Qe2 Qc7 18. Bc2 Bb7 19. Rb1 Rfd8 20. Be3 Rd7 21. b3 Rad8
22. Rfd1 Bc3 23. Rxd7 Rxd7 24. Rd1 Qd8 25. Rxd7 Qxd7 26. Qd1 Qxd1+ 27. Bxd1 f5
28. Kf1 Kf7 29. Ne1 e5 30. f3 Kf6 31. Nd3 g5 32. h3 Bc8 33. Nc1 e4 34. fxe4
fxe4 35. Ne2 Ke5 36. h4 gxh4 37. Bxh6 Kf5 38. g4+ Kg6 39. g5 Bd2 40. Bc2 Bf5
41. Kg2 Bxg5 42. Bf8 Bg4 43. Bxe4+ Kf6 44. Kf2 Bd7 45. Bd6 Ke6 46. Bc5 Bd2 47.
Bf3 Ke5 48. Bd5 Na5 49. Nd4 Kf4 50. Bd6+ Kg4 51. Bf3+ Kg5 52. Bd1 Bg4 53. Bc2
Bc3 54. Nf3+ Bxf3 55. Kxf3 Nc6 56. Bd1 Nd4+ 57. Ke4 Nf5 58. Bf4+ Kf6 59. Kd5
Ne7+ 60. Kd6 Ng6 61. Bh2 Be5+ 62. Bxe5+ Nxe5 63. Bc2 h3 64. Be4 Nxc4+ 65. bxc4
b3 66. c5 b2 67. c6 h2 68. c7 b1=Q 69. Bxb1 h1=Q 70. c8=Q Qd1+ 71. Kc7 Qc1+ 72.
Kd8 Qd1+ 73. Qd7 Qxb1 74. Qd6+ Kf7 75. Qf4+ Ke6 76. Qh6+ Kd5 77. Qg5+ Kc6 78.
Qf6+ Kb7 79. Qf3+ Kb6 80. Qd5 Qb4 81. a5+ Qxa5 82. Qb3+ Qb5 83. Qe6+ Kc5 84.
Qe3+ Kd5 85. Qf3+ Kd4 86. Qf4+ Kc3 87. Qf6+ Kd2 88. Qf4+ Kc2 89. Qf2+ Kc3 90.
Qe1+ Kc2 91. Qf2+ Kd1 92. Qd4+ Ke1 93. Qg1+ Qf1 94. Qe3+ Qe2 95. Qg1+ Qf1 96.
Qe3+ Qe2 97. Qg1+ Kd2 98. Qg5+ Kc3 99. Qc5+ Kd3 100. Qd5+ Kc2 101. Qa2+ Kd1
102. Qb1+ Kd2 103. Qb2+ Ke1 104. Qb6 Qd2+ 105. Kc8 Qc3+ 106. Kb7 a5 107. Qg1+
Kd2 108. Qf2+ Kc1 109. Qf1+ Kc2 110. Qe2+ Kc1 111. Qf1+ Kb2 112. Qe2+ Ka3 113.
Ka6 a4 114. Qe7+ Kb3 115. Qb7+ Kc2 116. Qg2+ Kc1 117. Qf1+ Kc2 118. Qe2+ Kc1
119. Qf1+ Kb2 120. Qb5+ Ka3 121. Qd5 Qc8+ 122. Ka5 Qc7+ 123. Ka6 Qc8+ 124. Ka5
Qc3+ 125. Ka6 Qc2 126. Qd6+ Kb2 127. Qb4+ Ka2 128. Qd4 a3 129. Qd5+ Kb1 130.
Qb5+ Kc1 131. Qf1+ Kd2 132. Qf4+ Kc3 133. Qe5+ Kd2 134. Qa5+ Qc3 135. Qg5+ Qe3
136. Qa5+ Ke2 137. Qh5+ 0-1

[Event "Mercredi 2022.05.11 ABCD"]
[Site "Montreal CAN"]
[Date "2022.05.11"]
[Round "1"]
[White "Kulenovic, Sacha"]
[Black "Millette, Sylvain"]
[Result "1/2-1/2"]
[WhiteElo "1668"]
[BlackElo "1603"]
[PlyCount "86"]
[EventDate "2022.05.11"]
[EventType "tourn"]
[EventRounds "5"]
[EventCountry "CAN"]

1. g4 g6 2. d3 Bg7 3. c4 c6 4. Bg2 d6 5. h3 Nf6 6. Nc3 Be6 7. Bf4 d5 8. cxd5
Nxd5 9. Nxd5 Bxd5 10. Nf3 Bxf3 11. Bxf3 Bxb2 12. Rb1 Bc3+ 13. Kf1 O-O 14. Qb3
Qa5 15. Qxb7 Na6 16. Qxc6 Rac8 17. Qb5 Qxa2 18. Bb7 Rc5 19. Qb3 Qa5 20. Bxa6
Qxa6 21. Qb7 Qxb7 22. Rxb7 e5 23. Be3 Ra5 24. Rxa7 Rxa7 25. Bxa7 Ra8 26. Be3
Ra1+ 27. Kg2 Rxh1 28. Kxh1 Kf8 29. Kg2 Ke7 30. Kf3 Ke6 31. g5 f6 32. gxf6 Kxf6
33. Ke4 Ke6 34. d4 exd4 35. Bxd4 Ba5 36. f3 Bc7 37. Kd3 Ba5 38. e4 Bc7 39. Ke3
g5 40. Kd3 Bd6 41. Be3 Be7 42. f4 gxf4 43. Bxf4 Bf6 1/2-1/2

[Event "Mercredi 2022.05.11 ABCD"]
[Site "Montreal CAN"]
[Date "2022.05.11"]
[Round "1"]
[White "Latorre, Vincent"]
[Black "Lopez Linares, Lizandro"]
[Result "1-0"]
[WhiteElo "2169"]
[BlackElo "2108"]
[PlyCount "44"]
[EventDate "2022.05.11"]
[EventType "tourn"]
[EventRounds "5"]
[EventCountry "CAN"]

1. e4 e6 2. d4 d5 3. Nc3 Nf6 4. Bg5 Be7 5. e5 Nfd7 6. Bxe7 Qxe7 7. f4 O-O 8.
Nf3 c5 9. dxc5 Nc6 10. Bd3 f6 11. exf6 Rxf6 12. g3 Qxc5 13. Qe2 a6 14. O-O-O b5
15. Ng5 Nf8 16. Qg2 h6 17. Nf3 Bd7 18. Kb1 Na5 19. Ne5 Bc6 20. Ne2 Nd7 21. Nd4
Nf8 22. c3 Rc8 1-0

[Event "Mercredi 2022.05.11 ABCD"]
[Site "Montreal CAN"]
[Date "2022.05.11"]
[Round "1"]
[White "Nica, Ion"]
[Black "Allaire, Denis"]
[Result "1-0"]
[WhiteElo "1696"]
[BlackElo "1617"]
[PlyCount "73"]
[EventDate "2022.05.11"]
[EventType "tourn"]
[EventRounds "5"]
[EventCountry "CAN"]

1. d4 d5 2. Bf4 c5 3. e4 dxe4 4. d5 a6 5. a4 Nf6 6. Nc3 g6 7. h3 Bg7 8. g4 O-O
9. Bg2 Qa5 10. Bd2 Nbd7 11. Nxe4 Qc7 12. Nxf6+ Nxf6 13. Ne2 Rd8 14. c4 Nd7 15.
Bc3 Ne5 16. Qc2 f5 17. f4 Nf7 18. Bxg7 Kxg7 19. Qc3+ Kg8 20. g5 Rd6 21. h4 Qd8
22. h5 Qf8 23. hxg6 hxg6 24. O-O-O Qg7 25. Qe3 Kf8 26. Qxc5 Bd7 27. Qa3 Rc8 28.
b3 a5 29. Kb1 Rb6 30. Ka2 Rb4 31. Rh3 Ke8 32. Rdh1 Kd8 33. Rh7 Qg8 34. d6 exd6
35. Bd5 Be8 36. Bxf7 Bxf7 37. Rh8 1-0

[Event "Mercredi 2022.05.11 ABCD"]
[Site "Montreal CAN"]
[Date "2022.05.11"]
[Round "1"]
[White "Nunez, Omar"]
[Black "Guillemette, Hugo"]
[Result "1/2-1/2"]
[WhiteElo "1935"]
[BlackElo "1989"]
[PlyCount "71"]
[EventDate "2022.05.11"]
[EventType "tourn"]
[EventRounds "5"]
[EventCountry "CAN"]

1. f4 d5 2. Nf3 c5 3. g3 Nc6 4. Bg2 Nf6 5. O-O e6 6. d3 Bd6 7. Nc3 Qb6 8. Kh1
d4 9. Ne4 Be7 10. Nxf6+ Bxf6 11. e4 dxe3 12. Bxe3 Bd7 13. Qe2 O-O 14. c3 Rfe8
15. Qf2 e5 16. Bxc5 Qa6 17. fxe5 Nxe5 18. Nxe5 Rxe5 19. Rae1 Qxa2 20. Rxe5 Bxe5
21. Bxb7 Rb8 22. Qf3 Be6 23. c4 Qxb2 24. Bd5 Bxd5 25. Qxd5 Bf6 26. Bxa7 Rd8 27.
Qe4 Qa3 28. Bb6 Qxd3 29. Qxd3 Rxd3 30. Rc1 Kf8 31. Rc2 Ke8 32. Kg2 Kd7 33. Kf1
Kc6 34. Bf2 Rc3 35. Rxc3 Bxc3 36. Ke2 1/2-1/2

[Event "Mercredi 2022.05.11 ABCD"]
[Site "Montreal CAN"]
[Date "2022.05.11"]
[Round "1"]
[White "Rodrigue-Lemieux, Shawn"]
[Black "Toenz, Antoine"]
[Result "1-0"]
[WhiteElo "2457"]
[BlackElo "2050"]
[PlyCount "35"]
[EventDate "2022.05.11"]
[EventType "tourn"]
[EventRounds "5"]
[EventCountry "CAN"]

1. c4 e5 2. g3 Nf6 3. Bg2 d5 4. cxd5 Nxd5 5. Nf3 Nc6 6. O-O Be6 7. d4 exd4 8.
Nxd4 Nxd4 9. Qxd4 c6 10. a3 Qf6 11. Qa4 Nb6 12. Qc2 g6 13. Bxc6+ bxc6 14. Qxc6+
Ke7 15. Bd2 Qf5 16. e4 Qf3 17. Bb4+ Kf6 18. e5+ 1-0

[Event "Mercredi 2022.05.11 ABCD"]
[Site "Montreal CAN"]
[Date "2022.05.11"]
[Round "1"]
[White "Singher, Jean-Pierre"]
[Black "Chapdelaine, Gwyn"]
[Result "0-1"]
[WhiteElo "1915"]
[BlackElo "1867"]
[PlyCount "36"]
[EventDate "2022.05.11"]
[EventType "tourn"]
[EventRounds "5"]
[EventCountry "CAN"]

1. d4 Nf6 2. c4 e5 3. dxe5 Ng4 4. Nf3 Bc5 5. e3 Nc6 6. Be2 Ncxe5 7. O-O d6 8.
Nc3 Be6 9. Nd4 h5 10. Nxe6 fxe6 11. h3 Qh4 12. Ne4 O-O-O 13. Nxc5 dxc5 14. Qc2
Rdf8 15. Qe4 Rxf2 16. Bxg4 Nxg4 17. Qxe6+ Kb8 18. hxg4 hxg4 0-1

[Event "Mercredi 2022.05.11 ABCD"]
[Site "Montreal CAN"]
[Date "2022.05.18"]
[Round "2"]
[White "Abderaouf, Sekki"]
[Black "Singher, Jean-Pierre"]
[Result "1-0"]
[WhiteElo "1794"]
[BlackElo "1915"]
[PlyCount "65"]
[EventDate "2022.05.11"]
[EventType "tourn"]
[EventRounds "5"]
[EventCountry "CAN"]

1. d4 Nf6 2. c4 e6 3. Nf3 d5 4. Nc3 Be7 5. Bf4 a6 6. Qc2 O-O 7. e3 dxc4 8. Bxc4
b5 9. Bd3 Bb7 10. a3 Nbd7 11. b4 c6 12. O-O a5 13. Qb2 Nb6 14. e4 h6 15. Rfd1
g5 16. Be3 axb4 17. axb4 Rxa1 18. Rxa1 Ng4 19. Bd2 e5 20. h3 exd4 21. Ne2 Nc4
22. Bxc4 bxc4 23. Nexd4 Nf6 24. Nf5 Kh7 25. Ra7 Qc7 26. Nxe7 Qxe7 27. Rxb7 Qxb7
28. Qxf6 Qd7 29. Nd4 Rg8 30. Bc3 Rg6 31. Qe5 Qd6 32. Qe8 Qf4 33. Ne2 1-0

[Event "Mercredi 2022.05.11 ABCD"]
[Site "Montreal CAN"]
[Date "2022.05.18"]
[Round "2"]
[White "Adam, Rafael"]
[Black "Lopez Linares, Lizandro"]
[Result "0-1"]
[WhiteElo "2043"]
[BlackElo "2108"]
[PlyCount "74"]
[EventDate "2022.05.11"]
[EventType "tourn"]
[EventRounds "5"]
[EventCountry "CAN"]

1. d4 d5 2. c4 c6 3. Nf3 Nf6 4. e3 e6 5. Nbd2 Nbd7 6. b3 Bd6 7. Bb2 b6 8. Bd3
Bb7 9. Rc1 Qe7 10. Ne5 O-O 11. O-O c5 12. Qc2 h6 13. Rfd1 Bxe5 14. dxe5 Ng4 15.
Nf3 f6 16. exf6 Ngxf6 17. Ne5 Nxe5 18. Bxe5 Rad8 19. Be2 Ne4 20. Bf3 Rxf3 21.
gxf3 Ng5 22. Qe2 d4 23. e4 Rf8 24. f4 Nxe4 25. Qg4 Rf5 26. Rd3 Qf7 27. f3 Nf6
28. Qg2 Nh5 29. Re1 Rxe5 30. fxe5 Nf4 31. Qg3 Nxd3 32. Rd1 Nf4 33. Rd2 Qf5 34.
Kf2 Qxe5 35. Rc2 Qe3+ 36. Kf1 Bxf3 37. Qf2 Qd3+ 0-1

[Event "Mercredi 2022.05.11 ABCD"]
[Site "Montreal CAN"]
[Date "2022.05.18"]
[Round "2"]
[White "Baran, Marius"]
[Black "Lima-Barbosa, Raphael"]
[Result "1/2-1/2"]
[WhiteElo "1753"]
[BlackElo "1812"]
[PlyCount "289"]
[EventDate "2022.05.11"]
[EventType "tourn"]
[EventRounds "5"]
[EventCountry "CAN"]

1. d4 Nf6 2. c4 g6 3. Nc3 Bg7 4. e4 O-O 5. h3 d6 6. Be3 e5 7. d5 a5 8. g4 Na6
9. Nge2 Nc5 10. Ng3 Qe7 11. Qd2 c6 12. Be2 a4 13. g5 Ne8 14. h4 f5 15. gxf6
Nxf6 16. h5 Bg4 17. hxg6 hxg6 18. Bg5 Qf7 19. Rh2 Bxe2 20. Qxe2 Nh7 21. Be3 Qf3
22. Qxf3 Rxf3 23. Ke2 Rf7 24. Rah1 Nf6 25. Rh4 a3 26. b4 Na4 27. Rc1 Rc7 28.
Nb1 Nb2 29. Bb6 Rcc8 30. Be3 Ra4 31. Bd2 c5 32. Nc3 Rxb4 33. Nb5 Rxc4 34. Nxa3
Ra4 35. Rc3 Rca8 36. Rb3 Rxa3 37. Rxb2 R8a7 38. Rh1 Rxa2 39. Rhb1 b5 40. Rxb5
Bh6 41. R1b2 Bxd2 42. Kxd2 Kg7 43. f3 Rxb2+ 44. Rxb2 Ne8 45. Rb6 Kf6 46. Ne2
Ke7 47. f4 Kf6 48. Ke3 Ra3+ 49. Kf2 exf4 50. Nxf4 g5 51. Ne6 Ke5 52. Nxg5 Nf6
53. Nf7+ Kxe4 54. Rxd6 Nxd5 55. Ng5+ Ke5 56. Rc6 Rc3 57. Nf3+ Ke4 58. Ng5+ Kd3
59. Rd6 Kc4 60. Ne6 Nb4 61. Ke2 Kb3 62. Rb6 Ka3 63. Rb8 c4 64. Nd4 Rd3 65. Ra8+
Kb2 66. Rb8 Kc3 67. Nb5+ Kc2 68. Rc8 Rd2+ 69. Kf3 Kb3 70. Ke4 Re2+ 71. Kf3 Re1
72. Kf2 Re7 73. Nd4+ Kc3 74. Nb5+ Kb3 75. Nd4+ Kc3 76. Nb5+ Kd3 77. Rd8+ Kc2
78. Rc8 Nd3+ 79. Kf1 Re1+ 80. Kg2 Nb2 81. Nd4+ Kc3 82. Nb5+ Kd2 83. Nd4 Re4 84.
Nb5 Re3 85. Rc7 Re2+ 86. Kg3 Re5 87. Rb7 Re3+ 88. Kg2 Rb3 89. Rd7+ Nd3 90. Nd4
Rb2 91. Kf1 Rb1+ 92. Kg2 Rb2 93. Kf1 Ke3 94. Nf5+ Ke4 95. Rc7 Kxf5 96. Rxc4 Nf4
97. Ke1 Kg4 98. Rc3 Nd5 99. Rd3 Nf6 100. Kd1 Ne4 101. Ra3 Kf4 102. Kc1 Rf2 103.
Kd1 Nc5 104. Ke1 Rh2 105. Kd1 Ke4 106. Rg3 Nd3 107. Rg8 Nc5 108. Rg3 Kd4 109.
Rg4+ Kd3 110. Rg3+ Kd4 111. Rg8 Kc3 112. Rc8 Kd4 113. Rd8+ Kc3 114. Rc8 Kd3
115. Rd8+ Ke3 116. Re8+ Ne4 117. Kc1 Rg2 118. Re7 Kd3 119. Rd7+ Kc4 120. Rc7+
Nc5 121. Rc8 Rh2 122. Kd1 Kd3 123. Rd8+ Ke3 124. Re8+ Ne4 125. Kc1 Rg2 126. Re7
Kd3 127. Rd7+ Kc3 128. Rc7+ Kb3 129. Rb7+ Kc4 130. Rc7+ Nc5 131. Rc8 Kd4 132.
Rd8+ Kc3 133. Kd1 Ne4 134. Rc8+ Kd3 135. Rd8+ Ke3 136. Kc1 Nc5 137. Re8+ Kd3
138. Rd8+ Kc3 139. Kd1 Ne6 140. Rc8+ Kd3 141. Kc1 Rg1+ 142. Kb2 Nd4 143. Rd8
Rg6 144. Rc8 Rb6+ 145. Ka2 1/2-1/2

[Event "Mercredi 2022.05.11 ABCD"]
[Site "Montreal CAN"]
[Date "2022.05.18"]
[Round "2"]
[White "Batorshin, Illia"]
[Black "Jacquet, Stephane"]
[Result "1-0"]
[WhiteElo "2008"]
[BlackElo "1979"]
[PlyCount "77"]
[EventDate "2022.05.11"]
[EventType "tourn"]
[EventRounds "5"]
[EventCountry "CAN"]

1. c4 Nf6 2. g3 g6 3. Bg2 Bg7 4. Nc3 O-O 5. e4 d6 6. Nge2 c5 7. O-O Nc6 8. d3
a6 9. h3 Rb8 10. f4 Bd7 11. a4 Ne8 12. g4 b5 13. axb5 axb5 14. Nxb5 Nc7 15.
Nxc7 Qxc7 16. Nc3 Nb4 17. f5 Bc6 18. Be3 Qb7 19. h4 Ra8 20. Qe2 Rxa1 21. Rxa1
gxf5 22. gxf5 Kh8 23. Kh1 Rg8 24. Rd1 e6 25. fxe6 fxe6 26. Bg5 Bd4 27. Rf1 Qg7
28. Bh3 h6 29. Qh5 Be8 30. Qxh6+ Qxh6 31. Bxh6 Nxd3 32. Bg5 Bc6 33. Bxe6 Bxc3
34. bxc3 Bxe4+ 35. Kh2 Ra8 36. Rf7 Ra2+ 37. Kh3 Nf2+ 38. Kg3 Nh1+ 39. Kf4 1-0

[Event "Mercredi 2022.05.11 ABCD"]
[Site "Montreal CAN"]
[Date "2022.05.18"]
[Round "2"]
[White "Cardin, Guillaume"]
[Black "Rodrigue-Lemieux, Shawn"]
[Result "1/2-1/2"]
[WhiteElo "2034"]
[BlackElo "2457"]
[PlyCount "210"]
[EventDate "2022.05.11"]
[EventType "tourn"]
[EventRounds "5"]
[EventCountry "CAN"]

1. d4 Nf6 2. c4 e6 3. g3 d5 4. Nf3 Be7 5. Bg2 O-O 6. O-O dxc4 7. Qc2 a6 8. a4
Bd7 9. Qxc4 Bc6 10. Bf4 Bd6 11. Qc1 a5 12. Nc3 Na6 13. Rd1 h6 14. Ne5 Bxg2 15.
Kxg2 Qe7 16. e4 Bxe5 17. Bxe5 c6 18. Bxf6 Qxf6 19. Qe3 Nb4 20. Rd2 Rfd8 21.
Rad1 Rd7 22. d5 exd5 23. exd5 cxd5 24. Nxd5 Rxd5 25. Rxd5 Nxd5 26. Rxd5 Qxb2
27. Rd7 Qc2 28. Qf3 Rf8 29. Rxb7 Qxa4 30. Ra7 Qb5 31. h4 Qb6 32. Qe3 Qc6+ 33.
Qf3 Qb5 34. Qa3 Qd5+ 35. Qf3 Rd8 36. Qxd5 Rxd5 37. Kf3 Rf5+ 38. Ke3 h5 39. Ra8+
Kh7 40. Ra6 g6 41. Ra8 Kg7 42. Ra6 Re5+ 43. Kf3 Kf8 44. Ra7 Ke8 45. Kf4 Rf5+
46. Ke3 Kd8 47. f3 Ke8 48. Ke4 Kf8 49. Ke3 Re5+ 50. Kf4 Rb5 51. Ke3 Kg7 52. Ra6
Re5+ 53. Kd4 Re1 54. Rxa5 Rg1 55. Ke3 Rxg3 56. Kf2 Rh3 57. Ra4 Rh1 58. Kg2 Rb1
59. Kg3 Re1 60. Rb4 Kf6 61. Rf4+ Ke6 62. Ra4 Re5 63. Rb4 f6 64. Ra4 g5 65. hxg5
Rxg5+ 66. Kh4 Kf5 67. Rb4 Kg6 68. Ra4 Rg1 69. Rb4 Rf1 70. Kg3 Kg5 71. Rb5+ f5
72. Rb4 Rg1+ 73. Kh2 Ra1 74. Kg3 Ra3 75. Rc4 Ra6 76. Rb4 Rf6 77. Ra4 f4+ 78.
Kh3 Rf5 79. Ra8 Rc5 80. Rg8+ Kf5 81. Rf8+ Ke5 82. Re8+ Kd5 83. Rd8+ Ke5 84.
Re8+ Kd5 85. Rd8+ Ke6 86. Re8+ Kf7 87. Re4 Rf5 88. Kh4 Kg6 89. Re6+ Kg7 90.
Re7+ Kf6 91. Rh7 Kg6 92. Re7 Rd5 93. Re4 Kf5 94. Ra4 Rd3 95. Ra5+ Ke6 96. Kxh5
Rxf3 97. Kg4 Rf1 98. Kh3 Rg1 99. Kh2 Rg3 100. Rh5 Rg4 101. Ra5 Kf6 102. Rb5 Kg6
103. Ra5 f3 104. Ra3 Rf4 105. Kg1 f2+ 1/2-1/2

[Event "Mercredi 2022.05.11 ABCD"]
[Site "Montreal CAN"]
[Date "2022.05.18"]
[Round "2"]
[White "Chapdelaine, Gwyn"]
[Black "Kozlov, Guennadi"]
[Result "1/2-1/2"]
[WhiteElo "1867"]
[BlackElo "1833"]
[PlyCount "108"]
[EventDate "2022.05.11"]
[EventType "tourn"]
[EventRounds "5"]
[EventCountry "CAN"]

1. e4 e6 2. d4 d5 3. exd5 exd5 4. Bd3 Bd6 5. Nf3 Bg4 6. O-O Ne7 7. Re1 Nd7 8.
Nc3 c6 9. Qe2 Qc7 10. h3 Bh5 11. Bg5 f6 12. Bf4 Nb6 13. Qxe7+ Qxe7 14. Bxd6
Qxe1+ 15. Rxe1+ Kd7 16. Re7+ Kxd6 17. Rxg7 Bxf3 18. gxf3 Rag8 19. Rg4 h5 20.
Rg3 Ke6 21. Ne2 h4 22. Nf4+ Kd6 23. Rg4 Nc4 24. Ng6 Rh6 25. b3 Nb2 26. Bf5 a5
27. Kf1 Nd1 28. Bd3 Nc3 29. a4 b5 30. axb5 cxb5 31. Ke1 b4 32. Kf1 a4 33. bxa4
Nxa4 34. Nxh4 Rxg4 35. Nf5+ Kc7 36. hxg4 Rh1+ 37. Kg2 Re1 38. f4 Nc3 39. Ne3
Kd6 40. g5 fxg5 41. fxg5 Ne2 42. Nf5+ Ke6 43. Bxe2 Rxe2 44. Ne3 Rd2 45. Kg3
Rxd4 46. f4 Rd2 47. f5+ Kf7 48. Kf4 d4 49. g6+ Kg7 50. Nd5 Rxc2 51. Nxb4 Rf2+
52. Ke5 Rg2 53. Kxd4 Rxg6 54. fxg6 Kxg6 1/2-1/2

[Event "Mercredi 2022.05.11 ABCD"]
[Site "Montreal CAN"]
[Date "2022.05.18"]
[Round "2"]
[White "Gauthier, Luc"]
[Black "Allaire, Denis"]
[Result "0-1"]
[WhiteElo "1617"]
[BlackElo "1617"]
[PlyCount "108"]
[EventDate "2022.05.11"]
[EventType "tourn"]
[EventRounds "5"]
[EventCountry "CAN"]

1. e4 e5 2. f4 exf4 3. Nf3 Ne7 4. d4 d5 5. Nc3 dxe4 6. Nxe4 Nd5 7. Bd3 Be7 8.
O-O Bg4 9. c3 Nc6 10. Qb3 O-O 11. Bd2 b6 12. Qb5 Nb8 13. Ne5 a6 14. Qa4 Be6 15.
Qd1 Nd7 16. Nc6 Qe8 17. Nxe7+ Qxe7 18. Bxf4 Nxf4 19. Rxf4 c5 20. Qh5 g6 21. Qh6
f6 22. Raf1 Qg7 23. Qxg7+ Kxg7 24. dxc5 Nxc5 25. Nxc5 bxc5 26. b3 a5 27. Re1
Bd7 28. Re7+ Rf7 29. Rfe4 Kf8 30. Rxf7+ Kxf7 31. Bc4+ Kf8 32. Kf2 Re8 33. Rxe8+
Kxe8 34. Bg8 Kf8 35. Bd5 Ke7 36. Ke3 Kd6 37. c4 Ke5 38. a4 Bf5 39. Kd2 Kd4 40.
g3 Bh3 41. Bf3 f5 42. Bd5 h6 43. Bf7 g5 44. Bg6 f4 45. gxf4 gxf4 46. Bh5 Bg2
47. Bd1 Ke4 48. Bc2+ Kf3 49. Bd1+ Kf2 50. h4 Kg3 51. h5 f3 52. Ke3 f2 53. Be2
Bf3 54. Bf1 Bxh5 0-1

[Event "Mercredi 2022.05.11 ABCD"]
[Site "Montreal CAN"]
[Date "2022.05.18"]
[Round "2"]
[White "Guillemette, Hugo"]
[Black "Di Matteo, Alessio"]
[Result "1-0"]
[WhiteElo "1989"]
[BlackElo "1926"]
[PlyCount "83"]
[EventDate "2022.05.11"]
[EventType "tourn"]
[EventRounds "5"]
[EventCountry "CAN"]

1. e4 e6 2. d4 d5 3. e5 c5 4. c3 Nc6 5. Nf3 Qb6 6. a3 c4 7. Nbd2 Na5 8. g3 Ne7
9. Bg2 Bd7 10. O-O Nf5 11. Re1 Be7 12. Rb1 Qc7 13. Qc2 Rc8 14. Nf1 Nb3 15. Ne3
Nxc1 16. Qxc1 Nh6 17. Nd2 a5 18. f4 b5 19. g4 g6 20. Qd1 Ng8 21. f5 Bg5 22.
Ndf1 Ne7 23. Qf3 Qb6 24. Re2 O-O 25. f6 Nc6 26. Qg3 b4 27. h4 Bxe3+ 28. Qxe3
Kh8 29. Nd2 Rb8 30. Qh6 Rg8 31. Nf3 g5 32. Nxg5 Rxg5 33. hxg5 Rg8 34. axb4 axb4
35. Rf1 bxc3 36. bxc3 Qb8 37. Re3 Rg6 38. Qh4 Qg8 39. Rh3 Rxg5 40. Bf3 Na5 41.
Rf2 Qg6 42. Rfh2 1-0

[Event "Mercredi 2022.05.11 ABCD"]
[Site "Montreal CAN"]
[Date "2022.05.18"]
[Round "2"]
[White "Millette, Sylvain"]
[Black "Nica, Ion"]
[Result "1/2-1/2"]
[WhiteElo "1603"]
[BlackElo "1696"]
[PlyCount "54"]
[EventDate "2022.05.11"]
[EventType "tourn"]
[EventRounds "5"]
[EventCountry "CAN"]

1. e4 b6 2. Nf3 Bb7 3. Nc3 e6 4. g3 Bb4 5. d3 d5 6. exd5 Qxd5 7. Bg2 Qh5 8. Bd2
Nf6 9. Qe2 a6 10. a3 Bd6 11. Ne4 Nxe4 12. dxe4 Nd7 13. Bc3 e5 14. Nd4 Qxe2+ 15.
Nxe2 f5 16. O-O Bxe4 17. Bxe4 fxe4 18. f4 O-O 19. fxe5 Nxe5 20. Bxe5 Bxe5 21.
c3 c5 22. Rxf8+ Kxf8 23. Kf2 Re8 24. Ke3 g5 25. h4 h6 26. hxg5 hxg5 27. g4 Kg7
1/2-1/2

[Event "Mercredi 2022.05.11 ABCD"]
[Site "Montreal CAN"]
[Date "2022.05.18"]
[Round "2"]
[White "Milosz, Jerzy"]
[Black "Kulenovic, Sacha"]
[Result "0-1"]
[WhiteElo "1558"]
[BlackElo "1668"]
[PlyCount "84"]
[EventDate "2022.05.11"]
[EventType "tourn"]
[EventRounds "5"]
[EventCountry "CAN"]

1. e4 c6 2. Nc3 d5 3. Nf3 dxe4 4. Nxe4 Bf5 5. Ng3 Bg6 6. Ne5 e6 7. d3 Bd6 8.
Qe2 Qa5+ 9. Bd2 Qxe5 10. Bc3 Qxe2+ 11. Bxe2 Nf6 12. Bf3 Nbd7 13. O-O-O O-O 14.
Ne4 Nxe4 15. dxe4 Bf4+ 16. Kb1 Nb6 17. g3 Bc7 18. Ba5 Rfd8 19. Kc1 Rxd1+ 20.
Rxd1 Rd8 21. Rxd8+ Bxd8 22. Bg2 Kf8 23. f4 Ke7 24. Bb4+ Kd7 25. Bf8 Bf6 26. e5
Ke8 27. Bc5 Be7 28. Bf2 f6 29. b3 fxe5 30. fxe5 Nd7 31. Bd4 Bd8 32. c4 Bc7 33.
b4 Nxe5 34. b5 c5 35. Bxe5 Bxe5 36. Bxb7 Bd3 37. a4 Bxc4 38. Bc6+ Kd8 39. a5
Kc7 40. Be4 g6 41. b6+ axb6 42. axb6+ Kxb6 0-1

[Event "Mercredi 2022.05.11 ABCD"]
[Site "Montreal CAN"]
[Date "2022.05.18"]
[Round "2"]
[White "Nunez, Omar"]
[Black "Genzling, Jerome"]
[Result "1-0"]
[WhiteElo "1935"]
[BlackElo "2020"]
[PlyCount "79"]
[EventDate "2022.05.11"]
[EventType "tourn"]
[EventRounds "5"]
[EventCountry "CAN"]

1. f4 c5 2. Nf3 Nc6 3. g3 Nf6 4. Bg2 g6 5. O-O Bg7 6. d3 d5 7. Qe1 O-O 8. e4 e6
9. h3 b5 10. e5 Nd7 11. c3 Qb6 12. g4 f6 13. exf6 Nxf6 14. Kh1 Re8 15. Qh4 Qd8
16. Be3 c4 17. dxc4 bxc4 18. Nbd2 Rb8 19. Rab1 e5 20. fxe5 Nxe5 21. Nxe5 Rxe5
22. Bg5 Rb6 23. Nf3 Re8 24. Nd4 Qd6 25. Bf4 Qc5 26. Bh6 Ne4 27. Bxg7 Kxg7 28.
Bxe4 dxe4 29. g5 Qe7 30. Rf4 Rf8 31. Rbf1 Rxf4 32. Rxf4 e3 33. Kg1 Bb7 34. Rf6
Rxf6 35. Qh6+ Kg8 36. gxf6 Qxf6 37. Qxe3 Bd5 38. b4 Kg7 39. Qg3 Qe7 40. Nf5+
1-0